00673nam a2200241 a 4500001001300000003000900013005001700022008004100039020001000080082001700090100002100107245002800128260004100156300000900197500003500206505001000241650001200251700002100263902000800284942000700292952011700299999001500416nice12345678IN_TiNIC20260116011452.0080418s1960 diga grp 000 0 eng  ac10000a231.044bHOD aHodgson, Leonard aDoctrine of the Trinity aDigswel bJames Nisbet and Co c1960 a237p aincludes index and biblioraphy2 aindex aTrinity1 aHodgson, Leonard bSRS cBK 001040708StackRoom-aHMIbHMId2008-04-18g100.00l0o231.044 HODp02581r2008-04-18v100.00w2008-04-18yBK c1809d1809